00637nam a22001097a 4500040000800000082002700008100001800035245033900053260002600392300002200418856008700440 cRUA aAVM SIE 2008 B083 Or.1 aSIEK, DARITH. aEffect of wheat bran utilization on performance of finishing pig at tang hang ly farm, ឥទ្ធិពលនៃការប្រើប្រាស់ស្រូវសាឡីលើការលូតលាស់ជ្រូកសាច់វគ្គបញ្ចប់នៅកសិដ្ឋានតាំង ហាំងលី aPhnom PenhbRUAc2008 a44p.bill.c29cm. uhttps://drive.google.com/file/d/1LG03Gt0GmGxALwuPfY4uZ4OIzygbwSZb/view?usp=sharing